000
00282nam a22001097a 4500
008
170105b xxu||||| |||| 00| 0 eng d
020
_a
9780072820300
041
_a
eng
080
_2
9TH
_a
618.2
245
_a
HUMAN DEVELOPMENT
_c
PAPALIA, A/E & OLDS, S.W & FELDMAN, R.D
942
_2
udc
_c
BK
999
_c
2582
_d
2582